Call of Duty Zombies Throughout the World - Statistics

General Stats
  • This quiz has been taken 56 times
  • The average score is 6 of 11
Answer Stats
# Answer % Correct
11 Five, Moon, Tranzit, Nuketown, Mob of the Dead, Outbreak, Infection, Shadows of Evil, Zombies in Spaceland, Rave in the Redwoods, Shaolin Shuffle United States
92%
2 Call of the Dead, Gorod Krovi Russia
87%
4 Verrückt, Der Riese, Kino Der Toten, The Giant Germany
85%
1 Die Rise China
82%
1 Shi No Numa Japan
82%
1 Origins France
62%
1 Der Eisendrache Austria
44%
1 Buried Angola
28%
1 Zetsubou no Shima Federated States of Micronesia
5%
1 Riot Iraq
5%
1 Ascension Kazakhstan
5%
No matching quizzes found
Score Distribution
Percent of People with Each Score
Percentile by Number Answered
Your Score History
You have not taken this quiz